Opisy Rzeźb ze Starożytnej Grecj - Statystyki

Ogólne statystyki
  • Ten quiz został rozwiązany 15 razy
  • Średni wynik to 13 z 19
Statystyki odpowiedzi
Zagadnienie Odpowiedź % Poprawnych
Wyiadealizowany Posag Myrona z 5Wp.n.e, przedstawiający atleta rzucającego dyskiem, cialo w pełnej syntezie (Okres Klasyczny)
100%
marmurowa rzeżba Praktytelesa rzymskie bogini łowów i przyrody na polowaniu (Okres Klasyczny)
100%
Płaskorzeźba Fidiasza z 5W.p.n.e, z siwatyni Ateny Nike (Okres Klasyczny)
100%
Rzeźba Praktytelesa z 4Wp.n.e z brązu przedstawiająca Boga sztuki z jarszczurka (Okres Klasyczny)
100%
Przykład Venus Pudica, marmurowa rzeźba Praktytelesa z 360r.p.n.e
100%
Marmurowa ekspresyjna rzeźba, przedstawiająca xzabicie Laokoona i jego synów przez węże morskie z 2W.p.n.e (Okres Hellenistyczny)
100%
Marmurowa rzeźba z 190r.p.n.e, będąca prawdopodobnie symbolem zwycięstw odniesionych przez Rodojczyków nad Antiochem III, przedstawiająca Nike (Okres Hellenistyczny)
100%
Brązowy posąg chłopca wyciagajacego sobie cierń w lewej stopy z 1Wp.n.e, (Okres Hellenistyczny)
100%
Rzeżba Kory(dziewczyny) z 530-520r.p.n.e, archaiczny uśmiech (Okres Archaiczny)
67%
Typ przedstawienia młodzieńca z zwierzęciem ofiarnym na barkach, rzezba z 560r.p.n.e (Okres Archaiczny)
67%
Marmurowa rzezba Praktytelesa z 4Wp.n.e, Boga dróg i boga wina i dzikiej natury (Okres Klasyczny)
67%
Brązowy posąg Pitagorasa z Region, znaleziona w swiatyni Apolina (wczesny okres klasyczny)
67%
2-metrowa Marmurowa rzeźba z ok130-100r.p.n.e (Okres Hellenistyczny)
67%
Dynamiczna Rzeźba Apolloniosa z Tralles, przedstawiająca mitologiczna scenę ukarania krolowej Dirke, przez przywiązanie jej do rogów byka (Okres Hellenistyczny)
67%
Marmurowa rzeżba z 530r.p.n.e przyklad Kurosa(młodzieńca) (Okres Archaiczny)
33%
Marmurowa statyczna rzeźba młodzieńca z 560-550, (Okres Archaiczny)
33%
Pomnik wystawiony ok.228r.p.n.e, upamietniajacy zwycięstwo nad Galami (Okres Hellenistyczny)
33%
Marmurowa Rzezba z 2W.p.n.e autorstwa Beotosa z Chalkedonu, wykonana dla swiatyni Ateny w Lindos (Okres Hellenistyczny)
33%
Przyklad kontrastopolu (postala w której kręgosłup przybiera litere s)Rzeźba Polikleta z 450-440r.p.n.e, (Okres Klasyczny)
0%
Nie znaleziono quizów pasujących do podanych kryteriów
Rozkład punktacji
Procent ludzi z każdym wynikiem
Percentyl według liczby udzielonych odpowiedzi
Twoja historia wyników
Nie rozwiązałeś tego quizu